Parin : (Record no. 61507)
[ view plain ]
| 000 -LEADER | |
|---|---|
| fixed length control field | 00668nam a22001937a 4500 |
| 005 - DATE AND TIME OF LATEST TRANSACTION | |
| control field | 20120125154712.0 |
| 020 ## - INTERNATIONAL STANDARD BOOK NUMBER | |
| International Standard Book Number | 9788124305744 |
| Terms of availability | 55.00 |
| 037 ## - SOURCE OF ACQUISITION | |
| Stock number | dpl |
| Source of stock number/acquisition | Pub |
| 082 ## - DEWEY DECIMAL CLASSIFICATION NUMBER | |
| Classification number | S |
| 100 ## - MAIN ENTRY--PERSONAL NAME | |
| Personal name | Balmuchu, Ranjit |
| 245 ## - TITLE STATEMENT | |
| Title | Parin : |
| Statement of responsibility, etc | by Ranjit Balmuchu; edited by Asmita Bhatt; illustrated by Siddhartha Mukherjee |
| Remainder of title | Adventures of a magic kite / |
| 260 ## - PUBLICATION, DISTRIBUTION, ETC. (IMPRINT) | |
| Place of publication, distribution, etc | New Delhi |
| Name of publisher, distributor, etc | Navneet Publications |
| 270 ## - ADDRESS | |
| Address | 2-E/23, Orion Plaza, 2nd Floor Jhandewalan Extn., |
| City | New Delhi |
| Postal code | 110055 |
| 300 ## - PHYSICAL DESCRIPTION | |
| Extent | 47p. |
| Other physical details | col.ill |
| Dimensions | 27cm(pbk) |
| 490 ## - SERIES STATEMENT | |
| Series statement | Interesting original stories for children |
| -- | 40173 |
| 700 ## - ADDED ENTRY--PERSONAL NAME | |
| 9 (RLIN) | 40167 |
| 942 ## - ADDED ENTRY ELEMENTS (KOHA) | |
| Source of classification or shelving scheme | Dewey Decimal Classification |
| Item type | Children Books |
| Classification part | S |
| Call number suffix | BAL |
No items available.
